00729nam a2200193 i 450000100060000000300090000600500170001500700030003200800410003510000470007624501050012325000120022826000750024030000220031560000390033785200210037699900170039795201210041483721ES-MaACL20240511063025.0t|041118s1904 sp |||| |dspa d1 aIsern y Marco, Damián,d1852-191496556110aOrtí y Lara y su época b: estudio sociológico-necrológico / cpor Damián Isern y Marcó. a2ª ed. aMadrid : b[s.n., c1904] (fAsilo de Huérfanos del S.C. de Jesús) a168 p. ; c18 cm.14aOrtí y Lara, Juan Manuel.987534 aES-MaACLjD-2551 c83721d83721 00104070aATENEOMbATENEOMcSVId2008-01-17eSCl0oD-2551p901087499r2023-02-23 00:00:00w2023-02-23yMONOGRAFIA